| 000 | 00880nam a22001815i 4500 | ||
|---|---|---|---|
| 001 | 166001 | ||
| 003 | ES-MaACL | ||
| 005 | 20230906213238.0 | ||
| 008 | 000118s1868 sp |||| |bspa d | ||
| 080 | _a929 Ruiz y Gómez, Ramón | ||
| 100 | 1 |
_aTalegón, Juan Gualberto. _9133107 |
|
| 245 | 1 | 0 |
_aBiografía del licenciado en farmacia D. Ramón Ruiz y Gómez : _bescrita en virtud de acuerdo del Colegio de Farmacéuticos de Madrid y leída el 21 de agosto de 1868, en la sesión pública del aniversario 131 de su institución oficial / _cpor D. Juan Guadalberto Talegón. |
| 260 |
_aMadrid : _b[s.n.], _c1868 ( _fImp. de J.M. Ducazcal) |
||
| 300 |
_a46 p. ; _c28 cm. |
||
| 600 | 1 | 4 |
_aRuiz Gómez, Ramón. _9100825 |
| 710 | 2 |
_aColegio de Farmacéuticos de Madrid. _9134261 |
|
| 852 | 4 |
_aES-MaACL _jT-98-F-8 _z- Enc. hol., falto de la enc. original _z- Enc. en un vol. facticio |
|
| 999 |
_c166001 _d166001 |
||